Famous People by Pictures - I - Statistics

General Stats
  • This quiz has been taken 69 times
  • The average score is 4 of 15
Answer Stats
Picture Answer % Correct
Isaac Newton
88%
Iggy Pop
63%
Indira Gandhi
62%
Ivanka Trump
47%
Iggy Azalea
43%
Ian Somerhalder
25%
Imelda Staunton
23%
I.N
23%
Iga Swiatek
12%
Immanuel Kant
7%
Indila
7%
IU
3%
Irene
2%
Isabel LaRosa
0%
Izabella Miko
0%
No matching quizzes found
Score Distribution
Percent of People with Each Score
Percentile by Number Answered
Your Score History
You have not taken this quiz